000 00415nam a2200157Ia 4500
008 230312s9999||||xx |||||||||||||| ||und||
020 _a81-7884-747-4
082 _a363.2503
_bCHA-D
100 _aChauhan,Y.K
245 0 _aDictionary of Forensic Science
260 _bCyber Tech Publications
_aIndia
_c2011
300 _a261
546 _aEng.
650 _aDictionary
_vDictionary of Forensic Science
942 _cBK
999 _c6523
_d6523